IRERS 2002 : Framework for a borderless real estate practice 16 plenany session 2 [

Bibliographic Details
Format: Book
Published: Kuala Lumpur : Legend Hotel , 2002
Subjects:

MARC

LEADER 00000cam a2200000 7i4500
001 0000023234
005 20110720.0
040 |a INS 
090 0 0 |a KF 2042 2002 
245 0 0 |a IRERS 2002 :   |b Framework for a borderless real estate practice 16 plenany session 2 [  |h video disc] :   |b 17 April 2002 
260 |a Kuala Lumpur :   |b Legend Hotel ,   |c 2002 
300 |a 2 videodisc (104 min.) :   |b sd., col. ;   |c 4 3/4 in. 
505 1 |a Also available in vhs format : VHS 933 
650 0 0 |a Real estate business 
650 0 0 |a Real property 
999 |a VCD0000752   |b VIDEO CD   |c Media Collection   |e Default branch